000
00218nam a2200085Ia 4500
245
0
_a
Boobela and Worm
100
_a
Friedman, Joe London, 2009
_9
73616
942
_c
BK
008
210817s9999 xx 000 0 und d
999
_c
263821
_d
263821